[Event "CZE-ch"]
[Site "Turnov"]
[Date "1996.??.??"]
[Round "6"]
[White "Orsag, Milan"]
[Black "Vokac, Marek"]
[Result "0-1"]
[WhiteElo "2410"]
[BlackElo "2455"]
[Annotator "Bangiev,A"]
[PlyCount "92"]
[EventDate "1996.??.??"]
[EventType "tourn"]
[EventRounds "11"]
[EventCountry "CZE"]
[EventCategory "8"]
[SourceTitle "CBM 054"]
[Source "ChessBase"]
[SourceDate "1996.10.01"]
[SourceVersion "1"]
[SourceVersionDate "1996.10.01"]
[SourceQuality "1"]

1. d4 {Baburin} g6 2. c4 Bg7 3. Nc3 c5 4. d5 f5 5. h4 Bxc3+ {Baburin:
Exchanging on c3 (c6) in such positions is a very good way of imbalancing the
position and creating play with mutual chances. Now White has to play actively,
as his pawn structure on the queen side is seriously compromised. Mit diesem
Abtausch strebt Schwarz eine Blockadestellung an, in der die weißen Läufer
schwer aktiv werden können.} 6. bxc3 Nf6 7. h5 Rg8 8. hxg6 hxg6 9. f3 Qa5 10.
Qc2 d6 11. Bg5 $5 {/\12.Bf6 gf6 13.Rh7} Nbd7 12. e3 Ne5 $5 {Der Vorposten auf
e5 (Springer e5) übt auf die weiße Stellung starken Druck aus.  Der
Doppelbauer auf der c-Linie ist verwundbar und wird zum Objekt eines
Gegenangriff.} (12... Nb6 13. Bxf6 (13. Rb1 Bd7 $132 {/\0-0-0, Rh8}) 13... exf6
14. Rh7 Bd7 $132 {/\0-0-0}) (12... b6 13. Ne2 Ba6 14. Nf4 Ne5 15. Bxf6 exf6 16.
Ne6 Rc8 17. Qb3 $36) 13. Be2 {Weiß bereitet f3-f4 vor.} (13. Rb1 Nh5 $5) (13.
Bxf6 exf6 14. Rb1 (14. Rh7 Bd7 $132) 14... b6 $5 15. Rh7 (15. Rb5 Qa3 16. Rb3
Qa4 $15) 15... Ba6 $36) 13... Bd7 14. Bxf6 (14. a4 $5) 14... exf6 15. f4 (15.
a4 $5) 15... Ba4 $5 {Um das Feld d7 für den Springerrückzug freizumachen.} 16.
Qb2 Nd7 17. Rb1 Nb6 18. Nf3 O-O-O 19. Kf2 $6 (19. Rh6 $5 Be8 20. Kf2 Rg7 21.
Qc2 Na4 22. Rc1 Rdd7 23. Rh8 Rde7 24. Rf8 Rgf7 25. Rg8 (25. Rh8 Rh7) 25... Rh7
26. Rf8 Qd8 $36) 19... Rde8 $6 (19... Rh8 $5 20. Rh4 (20. Nh4 $6 Be8) 20...
Rxh4 (20... Rde8 21. Bd3 Qa6) 21. Nxh4 Be8 22. Bd3 (22. g4 fxg4 23. e4 Qa4 $17)
22... Qa6 23. Qb3 Bf7 $36 {[%csl Yc4,Rd5]}) 20. Rh6 $5 {[%csl Rg6] /\Nh4->Pg6}
(20. Rh7 Rh8 $5 21. Rg7 (21. Rbh1 Rxh7 22. Rxh7 Bd7 $17 {/\23...Na4}) 21...
Reg8 22. Rf7 Rf8 23. Rg7 Be8) 20... Re7 {/\21...Be8} 21. Bd3 {/\22.Rg6} Be8 {
/\ Na4} (21... Qa6 $2 22. Rxg6 $1) (21... Bd7 22. Nh4) 22. Qc2 Kb8 23. Nd2 {
/\e3-e4} Na4 24. Rc1 Qd8 (24... Rgg7 25. Rh8 Rh7 26. Rf8 $132) (24... a6 25. e4
$132) 25. Rch1 Nb6 26. e4 Reg7 27. exf5 $6 gxf5 28. Bf1 Bd7 $15 29. R1h3 Re8 (
29... Rg4 $5 30. g3 R4g7 (30... Na4 31. Bd3) 31. Bd3 Qe7 {/\32...Re8} 32. Nf3
Re8 33. Qd2 Na4 $36) 30. Qd3 (30. Bd3 Qe7 $1) 30... Na4 31. Re3 Rge7 32. Rhh3
a6 33. Qc2 Rxe3 34. Rxe3 Rxe3 35. Kxe3 Qa5 36. Nb1 (36. Kd3 b5 $36) 36... b5 $5
{->Pc4} 37. Bd3 Nb6 {[%csl Rc4]} 38. Nd2 Kc7 $15 39. Kf3 Qa4 {[%csl Yd5,Rc4]}
40. Qb3 bxc4 41. Bxc4 Qa5 42. Kf2 (42. Ke3 Bb5 $17) (42. Bd3 Nxd5 $17) 42...
Bb5 43. g3 $6 (43. Be2 $142 Na4 (43... Bxe2 $6 44. Kxe2 $14 {nebst 45.c4}) 44.
Nb1 c4 $1 45. Qc2 (45. Bxc4 $2 Qb6+ 46. Kf3 Nc5 $19) 45... Bd7 $15) 43... Na4 {
[%csl Rc3]} 44. Nb1 $6 (44. Bxb5 axb5 45. Nb1 c4 $15) 44... Bxc4 45. Qxc4 Nb6
46. Qe2 (46. Qb3 c4 $17) 46... c4 $17 0-1

[Event "RUS-sf"]
[Site "Novosibirsk"]
[Date "1995.??.??"]
[Round "9"]
[White "Permiakov, Vladimir"]
[Black "Kron, Valentin"]
[Result "1-0"]
[WhiteElo "2330"]
[BlackElo "2430"]
[Annotator "Bangiev,A"]
[PlyCount "87"]
[EventDate "1995.??.??"]
[EventType "swiss"]
[EventRounds "9"]
[EventCountry "RUS"]
[SourceTitle "CBM 049 Extra"]
[Source "ChessBase"]
[SourceDate "1996.01.01"]
[SourceVersion "1"]
[SourceVersionDate "1996.01.01"]
[SourceQuality "1"]

1. c4 g6 2. d4 c5 3. Nf3 Bg7 4. e4 Nc6 {[%csl Rd4]} 5. dxc5 (5. d5 Nd4 6. Nxd4
cxd4 $13) 5... Qa5+ 6. Nfd2 (6. Bd2 Qxc5 7. Nc3 Nf6 8. Be2 Qb6) (6. Nbd2 Nf6 7.
Bd3 Qxc5 8. Nb3 Qh5) 6... Nd4 $5 {[%csl Yb3,Ye2]} 7. Nc3 (7. Bd3 Qxc5 8. O-O d6
9. Nc3 Nf6 10. Nb3 Nxb3 11. axb3 a6 12. Be3 Qc7 13. Qe2 O-O 14. h3 Bd7 15. f4
Bc6 16. b4 e6 17. Rac1 Rfe8 18. Rfd1 b6 19. b5 Bb7 20. Qf2 Nd7 21. bxa6 Bxa6
22. b4 Rec8 23. Na4 Rcb8 24. Nc3 Rc8 25. Na4 Rcb8 $132 {1/2-1/2 Ivanov,
T-Ivanov,Ale/Vladivostok op (02) 1995}) 7... Qxc5 8. Nb3 Nxb3 9. axb3 b6 $146 (
9... Nf6 10. Be2 d6 11. O-O a6 12. Be3 Qc7 13. Qd2 O-O 14. Rac1 Bd7 15. Rfd1
Rfc8 16. b4 a5 17. bxa5 Qxa5 18. c5 $1 Ba4 19. Nxa4 Qxa4 20. cxd6 Nxe4 21. d7
$16 {[%csl Gd7] o^d,Szekely,P-Knezevic,B/Paris op/1995/}) (9... Qc6 $5 10. Be3
$6 Bxc3+ 11. bxc3 Qxe4 12. Qd4 Qxd4 13. Bxd4 Nf6 14. Rxa7 Rxa7 15. Bxa7 d6 16.
Bd3 Bf5 17. Kd2 Kd7 18. Be3 Ra8 19. Bxf5+ gxf5 20. h3 $2 Ra2+ $15 21. Kd3 Ne4
22. Rf1 e5 23. b4 Ke6 24. g4 f6 25. h4 {[#]} Rb2 $1 26. g5 Ra2 $1 27. gxf6 Nxf6
28. f3 Rh2 29. Bg5 Rh3 30. Kc2 h6 31. Bxh6 Rxh4 32. Bg5 Rxc4 $19 33. Rh1 Nd5
34. Rh6+ Kd7 35. Bd2 b5 36. Rh7+ Kc6 37. Kb3 f4 $1 38. Be1 e4 39. fxe4 Rxe4 40.
Bd2 Ne3 41. Rf7 Kd5 {0-1 Prizant,M-Ekebjaerg,OC/corr/1989/94}) 10. Be3 Qc6 {
[%csl Rc4,Re4]} (10... Qb4 $2 11. Ra4 $1 Bxc3+ 12. Ke2 Qd6 13. Qxd6 exd6 14.
bxc3 $16) 11. Be2 (11. Bd4 f6 $5 12. Be2 Nh6 13. O-O Nf7 $13) 11... Bb7 12. f3
h5 {Schwarz ist bestrebt, den Druck auf Diagonale h1-a8 zu verstärken.} (12...
Nf6 $6 13. e5 $36) (12... f5 $5) 13. Qd2 h4 $5 14. Nb5 {[%csl Ra7]} (14. h3 $6
Nf6 15. e5 Nh5 $132) 14... h3 (14... a6 15. Nc3 Bh6 16. Qd4 $16) 15. g3 a6 16.
Nc3 {[%csl Yb6] (/\ 17.Nd5; /\17.Na4)} (16. Nd4 Qc7 (16... Bxd4 $2 17. Qxd4 $16
) 17. Ra4 $5 {[%csl Rb6] (/\ 18.Rb4)}) 16... e6 {[%csl Gd5]} 17. Na4 {[%csl
Rb6]} f5 {[%csl Re4,Rf3,Rg2]} (17... b5 $2 18. cxb5 axb5 19. Rc1 Qa6 20. Nc5
$16 (20. Nb6 $16)) 18. exf5 gxf5 19. Nxb6 Rd8 (19... f4 $5 20. gxf4 (20. Nxa8
fxe3 21. Qxe3 Bxa8 $15) (20. Bxf4 $2 Qxb6) 20... Rd8 (20... Ne7 $5 21. Nxa8
Bxa8 22. O-O-O Nf5 $13) 21. f5 $5 (21. Rg1 Bf6 22. O-O-O Ne7 $44 {[%csl Yf5]})
21... exf5 22. O-O-O $16) 20. c5 {[%csl Ya6,Yb4] (/\ 21.b4; /\ 21.Ba6 )} f4 21.
Bxf4 (21. gxf4 $6 Ne7 {[%csl Yf5]} 22. Bd4 (22. Nc4 d5 $5 (22... Nf5) 23. Nd6+
(23. cxd6 Nf5 $13) 23... Rxd6 24. cxd6 Nf5 $13) 22... Rg8 23. Rg1 Nf5 $13)
21... Qxc5 22. Nc4 {[%csl Yd6]} d5 23. b4 Qe7 {[%csl Gd6,Ye5]} (23... dxc4 24.
Qxd8+ (24. bxc5 Rxd2 25. Bxd2 Bxb2 26. Rb1 c3 $15) 24... Kxd8 25. bxc5 Bxb2 26.
Rb1 c3 27. Kf2 $16) 24. Na5 $1 {[%csl Ra6,Rb7]} (24. Ne5 $6 {[%csl Ra6,Rg6] Es
kommt vor, daß ein scheinbar auf der Hand liegender Zug sich als falsch
erweist.} Qd6 $5 {[%csl Ga6,Re5]} 25. Ng6 (25. Qc3 $2 d4 $19) 25... e5 $1 26.
Nxh8 (26. Nxe5 Bxe5 27. Qe3 Rh5 $17) 26... exf4 $17) 24... e5 25. Bg5 Bf6 26.
Bxf6 Nxf6 27. Nxb7 Qxb7 28. Rxa6 $16 Kf7 29. O-O Qe7 30. Rfa1 Rd7 31. Bd3 Rb7
32. Qg5 Rg8 33. Qf5 Rc7 34. Re1 e4 35. fxe4 Ra7 36. Rea1 (36. Rxa7 Qxa7+ 37.
Kh1 dxe4 38. Bxe4 $16) 36... Rga8 37. e5 $18 Rxa6 38. Bxa6 Qa7+ 39. Kh1 Qe3 40.
Qxf6+ Kg8 41. Qg6+ Kh8 42. Qh5+ Kg7 43. Qg4+ Kh8 44. Qxh3+ 1-0

[Event "ARM-ch"]
[Site "Yerevan"]
[Date "1995.??.??"]
[Round "10"]
[White "Nalbandian, Tigran"]
[Black "Minasian, Artashes"]
[Result "0-1"]
[WhiteElo "2460"]
[BlackElo "2565"]
[Annotator "Bangiev,A"]
[PlyCount "80"]
[EventDate "1995.08.??"]
[EventType "tourn"]
[EventRounds "11"]
[EventCountry "ARM"]
[EventCategory "10"]
[SourceTitle "CBM 050"]
[Source "ChessBase"]
[SourceDate "1996.02.01"]
[SourceVersion "1"]
[SourceVersionDate "1996.02.01"]
[SourceQuality "1"]

1. d4 {Baburin} g6 2. Nf3 Bg7 3. c4 c5 4. d5 d6 5. Nc3 Bxc3+ $5 {Die
strategische Idee von Schwarz besteht darin, die Figureneinwirkung auf die
zentralen Felder (insbesonderes e4!) im Sinne der Nimzowisch-Indischen
Verteidigung zu verstärken. Der Abtausch auf c3 zerstört dabei die Elastizität
der weißen Bauernkette und schafft Bauernschwächen..} 6. bxc3 {The main
advantage of such strategy is that it creates a lot of imbalance in the
position: each player has his own advantages & disadvantages now, which
requires energetic play, a draw is less likely now.} f5 {[%csl Ye4]} 7. g3 Qa5
{[%csl Rc3]} 8. Qd3 $146 (8. Qb3 Nf6 9. Bg2 Nbd7 (9... Ne4 $6 10. Ng5 $5 Nxg5
11. Bxg5 h6 12. Bd2 Nd7 13. O-O Nb6 14. e4 Qa6 15. Rfe1 Nxc4 16. Bf4 Na5 17.
Qd1 $36 {-> Pe7}) 10. O-O (10. Bh6 Nb6 11. Nd2 Bd7 12. O-O Ng4 13. Bf4 h6 14.
e4 $6 g5 15. Be3 fxe4 16. Bxe4 O-O-O 17. Rae1 Rhf8 18. Bg2 Ba4 $36 {Kraai,
J-Ivanov,I/Chicago op/1991/}) 10... Nb6 (10... Ne4 $6 11. Ng5 $1 Nxc3 12. Bb2
Nxe2+ 13. Kh1 Nd4 14. Qe3 $1 $16) 11. Bh6 $5 {/\ Bg7} Ne4 (11... Rg8 12. Nd2 {
/\ e4} Qa4 13. Rfb1 Bd7 14. Bg5 Kf7 15. e4 $5 Nxe4 16. Nxe4 fxe4 17. Bxe4 $14)
12. Nd2 Nxd2 (12... Nxc3 13. Rfe1 Nba4 14. e4 {-> Pe7,Ke8}) 13. Bxd2 Qa4 14.
Rfe1 $1 Qxc4 15. e4 fxe4 16. Rxe4 (16. Bxe4 $6 Qxb3 17. axb3 Kf7 18. c4 Nd7 19.
Re3 $44 {Gurevich,M-Huzman,A/Wijk op/1993/}) 16... Qxb3 17. axb3 Bf5 (17...
Nxd5 $6 18. Rae1 e5 19. Rxe5+ $1 dxe5 20. Rxe5+ Ne7 21. Bg5 $16) 18. Re2 Kf7
19. Rae1 Rhe8 20. Bg5 Nc8 21. Re3 $44 {Gurevich,M}) 8... Nd7 9. Bg2 Ngf6 {
[%csl Ye4]} 10. O-O Ne4 $5 (10... Nb6 {[%csl Yc4]} 11. Nd2 (11. Bg5 Ne4) (11.
Bh6 Bd7 12. Nd2 O-O-O $13) 11... Bd7 12. e4 O-O-O $13) 11. Bf4 {Baburin:
Defending the c3-pawn with 11.Bd2 will make the protection of the c4-pawn very
difficult, as Black can try to win it after Qa4 & Nb6 or Qa4, b6 & Ba6.
However, after the text White does not get compensation for the pawn.} (11. Bd2
$6 Nb6 $36 {[%csl Rc4]}) (11. Bb2 Nb6 $15 {[%csl Ra4,Rc4]}) 11... Qxc3 12. a4
Qg7 (12... Qxd3 $6 13. exd3 Nef6 14. Rfe1 $44 {[%csl Re7]}) (12... Ndf6 13. a5
Bd7 $6 14. Ra3 $16) 13. Rab1 {[%csl Yb7]} Ndf6 (13... Nb6 $2 14. a5 $16) 14.
Rb3 (14. Ne1 h6 15. h4 Nh5 16. Bc1 O-O $15) (14. Qe3 $2 Ng4 15. Qc1 Nc3 $17)
14... Rb8 (14... O-O 15. Qe3 $5 {[%csl Yh6]} Ng4 16. Qc1 $44) (14... e5 $6 15.
dxe6 Bxe6 16. Ng5 $36) 15. Bc1 (15. Rfb1 $6 Ng4 $36 {[%csl Rf2]} (15... g5 $6
16. Bc1 f4 17. gxf4 gxf4 18. Bxf4 Rg8 19. Bg3)) (15. Qe3 $6 h6 (15... Ng4 16.
Qc1 $44) 16. h4 Ng4 17. Qc1 g5 18. hxg5 hxg5 $17) (15. h3 e5 $5 16. dxe6 Bxe6)
15... O-O 16. Ne1 h6 17. f3 (17. h4 e5 $5) 17... Ng5 18. Bb2 e5 19. dxe6 {
[%csl Rd6]} Bxe6 $15 {[%csl Yc4,Yd5,Ye4]} 20. h4 (20. Qxd6 $6 Bxc4 $17) 20...
Ngh7 21. Qxd6 Bxc4 22. Rc3 Qf7 (22... Bxe2 $2 23. Qe6+) 23. Nd3 Bxd3 24. exd3
b6 25. Rc4 (25. Qf4 $5 Nd5 26. Qxh6 Nxc3 27. Bxc3 Rbd8 28. Rd1 Nf6 $17) 25...
Rbd8 26. Qf4 Rxd3 27. Rfc1 Nh5 28. Qxh6 {[%csl Yg7]} Nxg3 {[%csl Ye2]} 29. Re1
Nh5 30. Bf1 Rxf3 31. Rc2 {[%csl Yc4]} Rg3+ 32. Kh2 Rg4 33. Rg2 Rxg2+ 34. Kxg2
N5f6 $17 35. Re3 $2 (35. Rc1 $142) 35... Ng4 36. Qf4 Nxe3+ 37. Qxe3 Nf6 38. Kg1
Kh7 39. Bg2 Ng4 40. Qc3 Qc7 0-1

[Event "Rubinstein Memorial 33rd"]
[Site "Polanica Zdroj"]
[Date "1996.??.??"]
[Round "1"]
[White "Beliavsky, Alexander G"]
[Black "Gulko, Boris F"]
[Result "1/2-1/2"]
[WhiteElo "2620"]
[BlackElo "2615"]
[Annotator "Beliavsky,A"]
[PlyCount "66"]
[EventDate "1996.08.15"]
[EventType "tourn"]
[EventRounds "11"]
[EventCountry "POL"]
[EventCategory "15"]
[SourceTitle "CBM 055"]
[Source "ChessBase"]
[SourceDate "1996.12.01"]
[SourceVersion "1"]
[SourceVersionDate "1996.12.01"]
[SourceQuality "1"]

1. d4 e6 2. e4 b6 3. c4 Bb7 4. Bd3 f5 5. Nc3 (5. exf5 $5) 5... Bb4 (5... fxe4)
6. d5 (6. Qh5+ g6 7. Qe2 Nf6 8. f3 fxe4 9. fxe4 Bxc3+ 10. bxc3 Nxe4 11. Nf3 Nf6
12. O-O $146) 6... fxe4 7. Bxe4 Nf6 8. Bf3 (8. Bg5 O-O 9. Nge2 Qe8 10. Bf3 Qg6
$13) 8... e5 (8... O-O 9. dxe6 Bxf3 10. Nxf3 Qe7 11. Qe2 $14) (8... O-O 9. dxe6
Bxf3 10. Qxf3 Nc6 11. Nge2 Ne5 12. Qg3 Nxc4 13. Bh6 Qe7 $13) (8... exd5 9. cxd5
O-O 10. Nge2 $14) 9. Bd2 (9. Nge2 $2 e4) 9... O-O 10. Nge2 (10. Nh3 $5) (10.
Qc2 $5) 10... c6 11. O-O (11. a3 $5) 11... cxd5 12. Nxd5 $6 (12. cxd5 $1 Na6
13. Ng3 Nc7 $2 14. d6) 12... Nxd5 13. Bxd5+ Bxd5 14. cxd5 (14. Bxb4 Bxc4 15.
Bxf8 Qxf8 16. b3 Be6 17. Nc3 Nc6 $44) 14... Bxd2 15. Qxd2 Na6 (15... d6 16.
Rac1 Nd7 17. Rc6 Nb8 18. Rc4 $16) 16. d6 (16. Rac1 $5) 16... Nc5 17. Qd5+ Kh8
18. b4 (18. Qxe5 Re8 19. Qh5 Qf6 $44) 18... Ne6 19. Qxe5 a5 (19... Qh4 20. Qb5
$16) 20. b5 $2 (20. a3 axb4 21. axb4 Rxa1 22. Rxa1 Qh4 23. f4 $16) 20... Qh4
21. Qe3 (21. f4 Rae8 $44) 21... Qc4 22. Rfc1 (22. a4 Nc5 $44) 22... Qxb5 23.
Nd4 Nxd4 24. Qxd4 Rf6 25. Rab1 Qe2 26. Rb2 (26. Qxb6 Qxa2 27. Qb8+ Rxb8 28.
Rxb8+ Qg8) 26... Qe6 $10 27. Qxb6 (27. Rd1 b5) 27... Qxd6 28. Qxd6 Rxd6 29. g3
Kg8 30. Rc4 Rd5 31. h4 Ra6 32. Kg2 Kf7 33. Re2 Re6 1/2-1/2

[Event "Moscow"]
[Site "Moscow"]
[Date "1994.??.??"]
[Round "3"]
[White "Lempert, Igor"]
[Black "Rausis, Igors"]
[Result "0-1"]
[WhiteElo "2495"]
[BlackElo "2495"]
[Annotator "Belov,I"]
[PlyCount "48"]
[EventDate "1994.??.??"]
[EventType "tourn"]
[EventRounds "14"]
[EventCountry "RUS"]
[EventCategory "9"]
[SourceTitle "CBM 040"]
[Source "ChessBase"]
[SourceDate "1994.06.01"]
[SourceVersion "1"]
[SourceVersionDate "1994.06.01"]
[SourceQuality "1"]

1. d4 g6 2. c4 Bg7 3. Nc3 c5 4. d5 (4. dxc5 Na6 (4... Qa5) 5. Bd2 $6 (5. Be3
Nf6 6. Bd4) 5... Nf6 6. g3 Nxc5 7. Bg2 d6 8. b4 Ncd7 9. Rc1 O-O $15 {Lima,
D-Gurevich,D/Biel(izt)/1993/0:1 (31) Inf 58/65/}) 4... Bxc3+ 5. bxc3 f5 6. e4
$6 (6. h4 Nf6 $1 7. h5 Rg8 8. hxg6 hxg6 9. Nf3 d6 10. Ng5 Qa5 11. Qb3 Nbd7 $10
{Dautov,R-Vokac,M/Dortmund(op)/1992/1:0 (47) Inf 54/49/}) (6. Nf3 d6 7. g3 Qa5
8. Qb3 Nf6 9. Bg2 Nbd7 10. O-O Nb6 11. Bh6 Ne4 12. Nd2 Nxd2 13. Bxd2 Qa4 $13 {
Gurevich,M-Huzman,A/Wijk aan Zee(op)/1993/1:0 (50) Inf 56/58/}) (6. h3 d6 7.
Nf3 Qa5 8. Qc2 Nf6 9. Bh6 $1 Nbd7 10. e3 Nb6 11. Bd3 Bd7 12. O-O Qa4 13. Qb3
Ne4 14. Bxe4 $1 $14 {Alburt,L-Vigorito/New York/1993/1:0 (28) Inf 57/55/}) 6...
fxe4 7. h4 Qa5 (7... Nf6 $5 8. h5 Rg8 9. hxg6 hxg6 10. Bg5 d6 11. Ne2 Nbd7 12.
Ng3 Ne5 $15 {Arbakov,V-Nesterov,J/Tiraspol/1994/0:1 (34)/}) 8. Qb3 (8. h5 $5
Qxc3+ (8... d6 9. Bd2 $14) 9. Bd2 Qg7 $8 10. Ne2 (10. d6 Nc6 $1 11. Ne2 Nf6 12.
Bc3 e5 $13) 10... d6 11. Bc3 Nf6 12. Nf4 $44) 8... Nf6 9. Be2 d6 10. h5 Rg8 $1
11. Nh3 Nbd7 12. hxg6 hxg6 13. Bf4 (13. Ng5 $5 Nb6 (13... Ne5 14. Bf4 Nd3+ 15.
Bxd3 exd3 16. O-O-O $13) 14. Be3 Bd7 15. O-O-O O-O-O $15) 13... Nb6 14. Ng5 Bd7
15. Kd2 $5 (15. O-O-O) 15... O-O-O 16. Rh6 (16. Rh4 $5) 16... Rdf8 17. g3 Ng4
$1 18. Rh7 (18. Bxg4 Bxg4 19. Nxe4 Qa6 $17) 18... Nxf2 $5 (18... Re8 19. Nxe4
$13) 19. Rxe7 Re8 20. Rxe8+ $2 (20. Bxd6 $5 $8 Rxe7 21. Bxe7 Re8 22. d6 $13)
20... Rxe8 $17 21. Rf1 (21. Bxd6 Ba4 22. Qb1 (22. Qb2 Nd3 23. Bxd3 exd3 24.
Kxd3 Qa6 $19) 22... e3+ $19) 21... Ba4 22. Qb1 Nd3 $8 23. Nxe4 (23. Bxd3 exd3
24. Qxd3 Nxc4+ $1 25. Qxc4 Bb5 26. Qb3 Bxf1 $19) 23... Rxe4 24. Qxd3 $2 (24.
Bxd3 Nxc4+ 25. Bxc4 $8 Rxc4 26. Rf3 $17) 24... Rd4 $1 0-1

[Event "Tiraspol"]
[Site "Tiraspol"]
[Date "1994.??.??"]
[Round "8"]
[White "Titov, German1"]
[Black "Nesterov, Yakov"]
[Result "1/2-1/2"]
[WhiteElo "2500"]
[BlackElo "2460"]
[Annotator "Belov,I"]
[PlyCount "69"]
[EventDate "1994.??.??"]
[EventType "tourn"]
[EventRounds "9"]
[EventCountry "MDA"]
[EventCategory "10"]
[SourceTitle "CBM 040"]
[Source "ChessBase"]
[SourceDate "1994.06.01"]
[SourceVersion "1"]
[SourceVersionDate "1994.06.01"]
[SourceQuality "1"]

1. e4 c5 2. Nf3 g6 3. d4 Bg7 4. c4 Qa5+ $5 5. Bd2 (5. Nc3 d6 (5... Nf6 6. Bd2
cxd4 7. Nxd4 Nc6 8. Nb3 (8. Nc2 O-O 9. Be2 d6 10. O-O Bd7 $14 {Cvitan,
O-Christiansen,L/Novi Sad(ol)/1990/0:1 (44) Inf 50/61/}) 8... Qc7 9. Rc1 d6 10.
Be2 b6 11. O-O Bb7 12. f3 O-O 13. Nd5 $16 {Smyslov,V-Ostojic,P/Venezia/1974/
Inf 18/64/}) (5... Nc6 6. d5 Nd4 7. Bd2 d6 (7... Nxf3+ 8. Qxf3 d6 9. Bd3 Nf6
10. Qe2 O-O 11. O-O $14 {Petrosian,T-Gheorghiu,F/Manila/1974/}) 8. Nxd4 cxd4 9.
Na4 Qd8 10. c5 $1 dxc5 11. Nxc5 $14 {Khasin,Al-Micic,T/Pula/1989/0,5 (36) Inf
36/72/}) 6. d5 (6. Rb1 $1 cxd4 7. Nxd4 Nc6 8. Be3 Nf6 9. Nb3 $1 Qd8 10. Be2 O-O
11. O-O $14 {Serper,G-Ruban,V/Novosibirsk/1993/ Inf 58/68/}) 6... Bxc3+ 7. bxc3
Nf6 8. Qc2 Nxe4 9. Bd3 Nf6 10. O-O O-O 11. Nh4 (11. Re1 Qd8 12. Bg5 Kg7 13. Qd2
Ng8 $10 {Vaganian,R-Chekhov,V/USSR(ch)/1991/ Inf 52/61/}) 11... Nbd7 12. f4 $6
b5 13. cxb5 c4 14. Bxc4 Bb7 15. Qd3 Rfc8 16. Re1 Nb6 17. Rxe7 Rxc4 18. Rxb7
Qxb5 $17 {Tal,M-Chekhov,V/USSR(ch)/1991/}) 5... Qb6 6. Bc3 (6. Nc3 cxd4 7. Nd5
Qd8 8. Bf4 d6 9. Nxd4 e6 $13) 6... Nc6 (6... Nf6 7. d5 O-O 8. Nbd2 d6 9. Be2 e5
10. O-O Nh5 11. g3 Bh6 12. Ne1 Ng7 13. f4 Bh3 14. Rf2 f5 15. Nd3 $14 {Csom,
I-Harloch/Banja Luka/1974/ Inf 18/66/}) (6... cxd4 7. Bxd4 Bxd4 8. Qxd4 Qxd4 9.
Nxd4 Nc6 10. Nb5 Rb8 11. N1c3 Nf6 12. Nc7+ Kf8 13. N7d5 Kg7 14. f3 d6 $14 {
Govedarica,R-Biyiacas/Vrnjacka Banja/1976/}) 7. d5 (7. dxc5 $5 Bxc3+ 8. Nxc3
Qxb2 9. Nd5 Kf8 $6 (9... Nf6 $5 10. Bd3 (10. Nc7+ $2 Kd8 11. Nxa8 Nxe4 12. Be2
Nc3 $19) 10... O-O 11. O-O $14) 10. Be2 Qa3 11. O-O Qxc5 12. Qd2 Kg7 13. Rab1
Qa5 14. Qb2+ f6 15. e5 $16 {Pavlovic,M-Vaulin,A/Podgorica/1993/1:0 (32) Inf 57/
56/}) 7... Nd4 8. e5 (8. Na3 e5 $8 9. dxe6 dxe6 10. Nb5 (10. e5 $5) 10... e5
11. b4 Bg4 12. bxc5 Qxc5 13. Nbxd4 $13 {Makarov,M-Vaulin,A/Podgorica/1993/})
8... Nxf3+ 9. Qxf3 f6 (9... Nh6 $5) 10. Qe2 (10. exf6 Nxf6 11. Bd3 O-O 12. O-O
d6 13. Qe2 Bg4 $10) 10... fxe5 11. f4 (11. Bxe5 Nf6 12. Nc3 O-O 13. O-O-O d6
14. Bg3 Bf5 $10) 11... d6 12. fxe5 dxe5 13. Bxe5 Nf6 (13... Bxe5 14. Qxe5 Qf6
15. Qe2 Nh6 16. Nc3 Nf5 $13) 14. Nc3 O-O 15. h3 e6 $1 $13 16. d6 Bd7 17. O-O-O
Bh6+ $5 (17... Bc6 18. Qe3) 18. Kb1 Bc6 19. Qc2 Nd7 20. Bh2 (20. Bg3 $5) 20...
Be3 $5 21. Bg3 Bd4 22. Nb5 (22. Bd3 $5 Rf7 23. Rhf1 Raf8 24. Rxf7 Rxf7 25. Ne4
$5) 22... Bxb5 $8 23. cxb5 Rae8 24. Bc4 Kg7 25. Rhf1 Rf6 26. Qe4 (26. Qe2 $5)
26... a6 $1 $132 27. Rxf6 Nxf6 (27... Bxf6 $6 28. Qe2 $14) 28. Be5 $1 (28. Qe2
e5 29. bxa6 bxa6 30. Bxa6 Qxd6 $17) 28... axb5 $8 (28... Bxe5 29. Qxe5 axb5 30.
d7 Rd8 31. Bxe6 $16) 29. d7 Rd8 30. Bxd4 cxd4 31. Qxe6 $8 Nxd7 $1 32. Qe7+ Kh6
$8 (32... Kh8 $2 33. Rf1 bxc4 34. Rf7 Nf8 35. Rxf8+ $18) 33. Qh4+ Kg7 34. Qe7+
Kh6 35. Qh4+ (35. Be6 $6 Nc5 36. Bg4 Qd6 $17) 1/2-1/2

[Event "BCF-ch"]
[Site "Dundee"]
[Date "1993.??.??"]
[Round "10"]
[White "Arkell, Keith C"]
[Black "Ward, Christopher"]
[Result "1-0"]
[WhiteElo "2460"]
[BlackElo "2460"]
[Annotator "Bulletin"]
[PlyCount "51"]
[EventDate "1993.08.??"]
[EventType "swiss"]
[EventRounds "11"]
[EventCountry "SCO"]
[SourceTitle "CBM 038"]
[Source "ChessBase"]
[SourceDate "1994.02.01"]
[SourceVersion "1"]
[SourceVersionDate "1994.02.01"]
[SourceQuality "1"]

1. d4 e6 2. c4 Bb4+ 3. Bd2 a5 4. e4 (4. Nf3) 4... d5 5. a3 Be7 6. cxd5 exd5 7.
e5 c5 8. Nf3 Nc6 9. Bb5 cxd4 (9... Bg4 $5) 10. Qa4 Bd7 11. O-O Bc5 12. Bg5 Qb8
$6 (12... Nge7 $1 13. Nbd2 O-O 14. Nb3 $14) 13. Nbd2 h6 14. Bh4 Qa7 15. Nb3 g5
16. Bg3 Nge7 17. e6 $1 Bxe6 18. Nxc5 Qxc5 19. Rac1 Qa7 20. Bd6 $1 O-O 21. Bc5
$1 b6 $2 (21... Qb8 22. Bxc6 Nxc6 23. Bxf8 Qxf8 24. Nxd4 $18) 22. Bd6 $1 (22.
Bxc6 $16) 22... Rad8 23. Rxc6 Nxc6 24. Bxf8 g4 25. Bxc6 gxf3 26. Bxh6 1-0

[Event "Bugojno"]
[Site "Bugojno"]
[Date "1978.02.28"]
[Round "3"]
[White "Karpov, Anatoly"]
[Black "Miles, Anthony John"]
[Result "1-0"]
[WhiteElo "2725"]
[BlackElo "2565"]
[Annotator "Bulletin"]
[PlyCount "111"]
[EventDate "1978.02.27"]
[EventType "tourn"]
[EventRounds "15"]
[EventCountry "YUG"]
[EventCategory "14"]
[SourceTitle "MCL"]
[Source "ChessBase"]
[SourceDate "1999.07.01"]
[SourceVersion "1"]
[SourceVersionDate "1999.07.01"]
[SourceQuality "1"]

1. c4 b6 2. d4 e6 3. d5 Qh4 4. Nc3 (4. e3 Nf6 5. a3 Bb7 6. Nf3 Qh5 7. dxe6 fxe6
8. Be2 Qg6 9. Nh4 Qh6 10. Bf3 Nc6 11. g3 g5 $17 {Ogaard-Miles, Reykjavik 1978})
4... Bb4 5. Bd2 Nf6 6. e3 Bxc3 7. Bxc3 Ne4 8. Qc2 Nxc3 9. Qxc3 O-O 10. g3 Qe4
$1 (10... Qe7 $6 11. Bg2 Bb7 $2 12. d6) 11. f3 Qg6 12. Ne2 Bb7 13. O-O-O d6 14.
g4 Nd7 15. h4 Qf6 16. Qxf6 Nxf6 $10 17. e4 Nd7 18. Nc3 Ne5 19. Be2 $14 Ng6 20.
Kd2 Nf4 21. Bd3 Ba6 $6 (21... a6 $5) (21... e5) 22. Ke3 Ng2+ 23. Kd2 Nf4 24.
Rh2 $1 Rae8 $6 25. b3 Re7 $2 26. Ke3 e5 27. Ne2 Nxd3 (27... Nxe2 28. Kxe2 {
/\b4,c5}) 28. Rxd3 Ra8 $2 (28... g6 {/\..f5}) 29. Ng3 Bc8 30. b4 a5 31. a3 axb4
32. axb4 Ra4 33. Rb2 Re8 34. Rc3 Bd7 35. c5 Rea8 (35... g6 $5) 36. cxd6 $1 cxd6
37. Nf5 $1 Bxf5 38. gxf5 Ra3 39. Rbc2 Kf8 40. Rxa3 Rxa3+ 41. Kf2 Rb3 42. Rc6
Rxb4 43. Rxd6 Ke7 44. Rc6 Kd7 (44... g6 $1 45. f6+ Kd7) 45. h5 $1 $18 Rb2+ 46.
Kg3 Rb1 47. h6 g6 48. fxg6 hxg6 (48... Rg1+ 49. Kf2 Rxg6 50. Rxg6 $18) 49. Rc2
$1 Rg1+ 50. Rg2 Ra1 51. Rh2 Ra8 52. Kg4 f6 53. Rb2 Kc7 54. Rc2+ Kb7 55. d6 b5
56. d7 1-0